000 00430nam a2200181Ia 4500
001 11320
005 20260306162819.0
008 260306t1997||||xx |||||||||||||| ||spa||
041 _aESP
082 _a985.03
_bP19
100 _aPalma, Ricardo
_eAUT
245 0 _aAnales de la inquisición de Lima
260 _c1997
300 _axlvii, 262 páginas :
_ccm.
650 _aGEN
654 _aCHU
942 _cLIB
_dJUS
_fJUS
_2ddc
_n
999 _c11320
_d11320